| 000 | 00561nam a2200157Ia 4500 | ||
|---|---|---|---|
| 008 | 170221s9999 xx 000 0 und d | ||
| 100 | _aChristoph Barmeyer. | ||
| 245 | _aOver 50 Years on Culture’s Service? Intercultural Competence and the Representation of Foreign Realities in James Bond Films | ||
| 245 | _cChristoph Barmeyer, Jorg Scheffer. | ||
| 260 | _bStudies in Media and Communication | ||
| 260 | _c2014 | ||
| 300 | _a4 : | ||
| 650 | _xCommunication | ||
| 650 | _xMedia Arts | ||
| 856 | _uhttp://redfame.com/journal/index.php/smc/issue/view/59 | ||
| 999 |
_c308759 _d308759 |
||